Force & motion
| Main Author: | |
|---|---|
| Format: | Book |
| Published: |
Great Britain :
Heinemann library ,
1995
|
| Series: | Let's investigate science
|
MARC
| LEADER | 00000cam a2200000 7i4500 | ||
|---|---|---|---|
| 001 | 0000063070 | ||
| 005 | 20160518.0 | ||
| 008 | 160518 | ||
| 020 | |a 0431078467 | ||
| 090 | 0 | 0 | |a 531.11 |b KER |
| 100 | 1 | |a Kerrod,Robin | |
| 245 | 1 | 0 | |a Force & motion |c Robin Kerrod |
| 260 | |a Great Britain : |b Heinemann library , |c 1995 | ||
| 490 | 1 | |a Let's investigate science | |
| 999 | |a 0000752706 |b Book |c Adult Collection |e Cawangan Pontian | ||
| 999 | |a 000752705 |b Book |c Children Collection |e Cawangan Batu Pahat | ||